logo

Bir Sreshtho Munshi Abdur Rouf Library
Jhenaidah Cadet College

Friends not masters : (Record no. 7728)

MARC details
000 -LEADER
fixed length control field 00867cam a22002774a 4500
001 - CONTROL NUMBER
JCCL Control Number 7728
003 - CONTROL NUMBER IDENTIFIER
JCCL marc code BD-JhCC
005 - DATE AND TIME OF LATEST TRANSACTION
control field 20181006181736.0
008 - FIXED-LENGTH DATA ELEMENTS--GENERAL INFORMATION
fixed length control field 071026s2007 pk a b 001 0aeng
035 ## - SYSTEM CONTROL NUMBER
system control number (BD-JhCC)7728
040 ## - CATALOGING SOURCE
Original cataloging agency DLC
Transcribing agency DLC
Modifying agency DLC
-- BD-JhCC
041 ## - LANGUAGE CODE
Language code of Book eng
050 00 - LIBRARY OF CONGRESS CALL NUMBER
Classification number DS385.A9
Item number A33 2007
082 ## - DEWEY DECIMAL CLASSIFICATION NUMBER
Author mark and Year AYU 2007
100 1# - MAIN ENTRY--PERSONAL NAME
Personal name Ayub Khan, Mohammad,
Dates associated with a name 1907-1974.
245 10 - TITLE STATEMENT
Title Friends not masters :
Remainder of title a political autobiography /
Statement of responsibility, etc Mohammad Ayub Khan.
260 ## - PUBLICATION, DISTRIBUTION, ETC. (IMPRINT)
Place of publication, distribution, etc Islamabad :
Name of publisher, distributor, etc Mr. Books,
Date of publication, distribution, etc c2006.
300 ## - PHYSICAL DESCRIPTION
Pagination 296 p. :
Other physical details ill. ;
Dimensions 22 cm.
504 ## - BIBLIOGRAPHY, ETC. NOTE
Bibliography, etc Includes bibliographical references and index.
600 10 - SUBJECT ADDED ENTRY--PERSONAL NAME
Personal name Ayub Khan, Mohammad,
Dates associated with a name 1907-1974.
650 #0 - SUBJECT ADDED ENTRY--TOPICAL TERM
Topical term or geographic name as entry element Presidents
Geographic subdivision Pakistan
Form subdivision Biography.
651 #0 - SUBJECT ADDED ENTRY--GEOGRAPHIC NAME
Geographic name Pakistan
General subdivision Politics and government.
651 #0 - SUBJECT ADDED ENTRY--GEOGRAPHIC NAME
Geographic name Pakistan
General subdivision Politics and government
Chronological subdivision 1947-1971.
942 ## - ADDED ENTRY ELEMENTS (KOHA)
Source of classification or shelving scheme Dewey Decimal Classification
Koha item type Books
Holdings
Source of classification or shelving scheme Damaged status Not for loan Home library Current library Shelving location Total Checkouts Full call number Barcode Date last seen Copy number Koha item type
Dewey Decimal Classification     JCC Rouf Library JCC Rouf Library General Stacks   954.9046092 AYU 2007 1086 02/13/2018 C -1 Books

JCC Library | Contacts | JCC Home

Last Update on 23 September 2017
Copyright @ 2017-2020 JCC Rouf Library
Rouf Library, Jhenidah Cadet College (JCC), Bangladesh